| 000 -LEADER |
| fixed length control field |
01393nam a22002177a 4500 |
| 003 - CONTROL NUMBER IDENTIFIER |
| control field |
OSt |
| 005 - DATE AND TIME OF LATEST TRANSACTION |
| control field |
20240425134316.0 |
| 008 - FIXED-LENGTH DATA ELEMENTS--GENERAL INFORMATION |
| fixed length control field |
240425b ||||| |||| 00| 0 eng d |
| 020 ## - INTERNATIONAL STANDARD BOOK NUMBER |
| International Standard Book Number |
9781108963848 |
| 040 ## - CATALOGING SOURCE |
| Transcribing agency |
KH8 |
| 082 ## - DEWEY DECIMAL CLASSIFICATION NUMBER |
| Classification number |
428.24 MAB |
| 100 ## - MAIN ENTRY--PERSONAL NAME |
| Personal name |
Mabbott, Nicola, |
| Relator term |
author. |
| 245 ## - TITLE STATEMENT |
| Title |
Cambridge Global English : |
| Remainder of title |
Teacher's Resource 6 / |
| Statement of responsibility, etc. |
Nicola Mabbott and Helen Tilipoine. |
| 260 ## - PUBLICATION, DISTRIBUTION, ETC. |
| Place of publication, distribution, etc. |
United Kingdom ; |
| Name of publisher, distributor, etc. |
Cambridge University Press, |
| Date of publication, distribution, etc. |
2022. |
| 300 ## - PHYSICAL DESCRIPTION |
| Extent |
263 pages: |
| Dimensions |
8.49 x 0.4 x 10.82 inches. |
| 520 ## - SUMMARY, ETC. |
| Summary, etc. |
Discover our new resources for the Cambridge International Primary and Lower Secondary Curriculum Frameworks. With everything you need to plan and run your lessons, this teacher's resource helps you get the most out of the series. You'll find starter activities and additional lesson ideas not included in the student's books, as well as answers for all activities. There are clearly identified assessment and differentiation ideas to help you meet all your learners' needs. Includes access to photocopiable games and activities for additional differentiation and further language development in the accompanying digital resource. Every unit includes a test to help you understand where your learners are on their journey.<br/> |
| 650 ## - SUBJECT ADDED ENTRY--TOPICAL TERM |
| Topical term or geographic name entry element |
English |
| Form subdivision |
Second language |
| 650 ## - SUBJECT ADDED ENTRY--TOPICAL TERM |
| Topical term or geographic name entry element |
English book |
| Form subdivision |
Teacher's guide |
| 700 ## - ADDED ENTRY--PERSONAL NAME |
| Personal name |
Tiliouine, Helen, |
| Relator term |
author. |
| 942 ## - ADDED ENTRY ELEMENTS (KOHA) |
| Source of classification or shelving scheme |
|
| Koha item type |
Teaching Resources |